লোডিং...

Text book of histology/15th ed.

গ্রন্থ-পঞ্জীর বিবরন
প্রধান লেখক: Bailey, Frederick R.
বিন্যাস: Printed Book
ভাষা:English
সংস্করন:15th ed.
বিষয়গুলি:
LEADER 00486nam a2200157 a 4500
005 20151028162159.0
008 960221s1955 dcuabcdjdbkoqu001 0deng d
003 ViArRB
082 |a 591.8 
100 |a Bailey, Frederick R.  |9 22245 
245 |a Text book of histology/15th ed. 
250 |a 15th ed. 
653 |a Animal histology  |a Microscopic zoology 
942 |c BK  |6 _ 
999 |c 76834  |d 76834 
952 |0 0  |1 0  |4 0  |6 5918_K4  |7 0  |9 89662  |a SOS   |b SOS  |d 0000-00-00  |o 591.8 K4  |p MS000931  |r 2013-06-14  |w 2009-07-13  |y BK